Harry Potter - Animals and Creatures - Statistics

General Stats
  • This quiz has been taken 122 times
  • The average score is 18 of 24
Answer Stats
Picture Answer % Correct
Dobby
100%
Hedwig
98%
Troll
93%
Fang
88%
Basilisk
86%
Dementor
86%
Fluffy
85%
Nagini
83%
Buckbeak
81%
Crookshanks
80%
Scabbers
80%
Werewolf
79%
Aragog
75%
Fawkes
75%
Firenze
72%
Mrs Norris
68%
Norbert
68%
Griphook
67%
Kreacher
65%
Thestral
63%
Grawp
62%
Hungarian Horntail
59%
Bogrod
28%
Ukrainian Ironbelly
16%
No matching quizzes found
Score Distribution
Percent of People with Each Score
Percentile by Number Answered
Your Score History
You have not taken this quiz